|
|
|
|
| LEADER |
00000nas a2200000 a 4500 |
| 001 |
ssj0000328080 |
| 003 |
WaSeSS |
| 005 |
20200512172242.0 |
| 006 |
m d |
| 007 |
cr n |
| 008 |
081121c20099999nz ar s 0 a0eng c |
| 010 |
|
|
|a 2010252763
|
| 022 |
|
|
|a 1179-1403
|l 1179-1403
|
| 035 |
|
|
|a (WaSeSS)ssj0000328080
|
| 040 |
|
|
|a NZ1
|b eng
|c NZ1
|d OCLCQ
|d WAU
|d CUV
|d OCLCQ
|d OCLCF
|d CUS
|d OCLCO
|d EUW
|d OCLCO
|d OCLCQ
|d WaSeSS
|
| 042 |
|
|
|a pcc
|
| 050 |
1 |
4 |
|a SB387.8.A8
|
| 082 |
0 |
4 |
|a 641.2205
|2 22
|
| 210 |
1 |
|
|a Int. j. wine res.
|
| 222 |
|
0 |
|a International journal of wine research
|
| 245 |
0 |
0 |
|a International journal of wine research
|h [electronic resource].
|
| 260 |
|
|
|a [Auckland, N.Z.] :
|b Dove Medical Press,
|c 2009-
|
| 310 |
|
|
|a Annual
|
| 362 |
1 |
|
|a Began with: Vol. 1 (2009).
|
| 500 |
|
|
|a Archived by the National Library of New Zealand.
|
| 506 |
|
|
|a License restrictions may limit access.
|
| 515 |
|
|
|a Articles added irregularly during the year and collected into annual issues.
|
| 588 |
|
|
|a Description based on: Vol. 1 (2009); title from journal home page (publisher's Web site, viewed May 20, 2009).
|
| 588 |
|
|
|a Latest issue consulted: Vol. 4 (2012) (publisher's Web site, viewed Sept. 13, 2012).
|
| 650 |
|
0 |
|a Wine and wine making
|v Periodicals.
|
| 650 |
|
0 |
|a Viticulture
|v Periodicals.
|
| 650 |
|
7 |
|a Viticulture.
|2 fast
|0 (OCoLC)fst01168260
|
| 650 |
|
7 |
|a Wine and wine making.
|2 fast
|0 (OCoLC)fst01175907
|
| 655 |
|
0 |
|a Electronic journals.
|
| 856 |
4 |
0 |
|z Full text available from Research Library: 01/01/2009 to present
|u https://search.proquest.com/publication/3933141
|